000
00321nam a2200133Ia 4500
005
20260328101446.0
008
260328s9999||||xx |||||||||||||| ||und||
100
_a
Neue Museum Berlin
245
0
_a
Ägyptischen Museum Berlin /
_c
Neue Museum Berlin
260
_b
Belser
300
_a
126 p.
650
_a
ARTE
942
_c
BK
999
_c
8476
_d
8476